000 00865nam0a22002531 4500
001 rc\3964491
005 20250611040813.0
021 _aRU
_b[57-1277]
035 _a(NLR Aleph) 008052158
090 _a8948559
_c8948559
100 _a20130415d1956 |||y0rusy50 ca
101 0 _arus
102 _aRU
105 _aa z |||||
200 1 _aПродовольственные магазины самообслуживания
210 _aМосква
_cГосторгиздат
_d1956
215 _a96 с.
_cил.
_d23
606 _aПродовольственные магазины и секции
_xОрганизация и техника работы
_2psbo
700 1 _aКоновалов
_bК.В.
_gКонстантин Васильевич
801 0 _aRU
_bNLR
_gpsbo
801 1 _aRU
_bELAR
_2rusmarc
852 _aNLR
_j57-5/209
942 _cBOOK
980 _aNB